000 01346nam0a22002891 4500
001 rc\3423237
005 20230905101627.0
021 _aRU
_b[70-29143]
035 _a(NLR Aleph) 007582775
090 _a5525755
_c5525755
100 _a20130115d1970 |||y0rusy50 ca
101 0 _arus
102 _aRU
105 _ay d |||||
200 1 _aРеформа и материальное поощрение
_e[Материалы конференции
_fРед. коллегия: канд. экон. наук К. Лисовой (отв. ред.) и др.]
_gКом. экономики и организации производства обл. совета НТО. Причерномор. филиал НИИ труда
210 _aОдесса
_cМаяк
_d1970
215 _a104 с.
_d20
606 _aЭкономическое стимулирование
_jСборники
_2psbo
702 1 _aЛисовой
_bК. И.
_gКонстантин Иванович
_4340
712 0 2 _aОдесский областной совет НТО
_3RU\NLR\AUTH\880564856
_4570
712 1 2 _aОдесская городская научно-экономическая конференция
_f1970
_3RU\NLR\AUTH\880579698
801 0 _aRU
_bNLR
_gpsbo
801 1 _aRU
_bELAR
_2rusmarc
852 _aNLR
_j70-3/1631
942 _cBOOK
980 _aNB